[Event "Deutsche Ländermeisterschaft 2025"]
[Site "Oer-Erkenschwick GER"]
[Date "2025.10.04"]
[Round "6"]
[White "Reyes-Mantilla, Andrés Mauricio"]
[Black "Sheng, Ming"]
[Result "0-1"]
[Termination "normal"]
[Board "9.1"]
[WhiteElo "2047"]
[BlackElo "2148"]
[WhiteClock "00:01:17"]
[BlackClock "00:34:18"]
[WhiteTeam "Hamburg 2"]
[BlackTeam "Saarland & Friends"]
[PlyCount "118"]
[WhiteFideId "4467248"]
[BlackFideId "34605258"]
[EventCountry "GER"]
[EventRounds "7"]
[EventType "team-swiss"]
[EventDate "2025.09.30"]

1. e4 {[%clk 01:30:14]} {[%emt 00:00:45]} c6 {[%clk 01:30:28]} {[%emt
00:00:33]} 2. d4 {[%clk 01:30:31]} {[%emt 00:00:13]} d5 {[%clk 01:30:53]}
{[%emt 00:00:05]} 3. Nc3 {[%clk 01:29:29]} {[%emt 00:01:31]} dxe4 {[%clk
01:31:18]} {[%emt 00:00:05]} 4. Nxe4 {[%clk 01:29:54]} {[%emt 00:00:05]} Bf5
{[%clk 01:31:43]} {[%emt 00:00:04]} 5. Ng3 {[%clk 01:30:16]} {[%emt 00:00:09]}
Bg6 {[%clk 01:32:09]} {[%emt 00:00:04]} 6. N1e2 {[%clk 01:29:19]} {[%emt
00:01:26]} Nf6 {[%clk 01:32:20]} {[%emt 00:00:19]} 7. c3 {[%clk 01:28:41]}
{[%emt 00:01:09]} Nbd7 {[%clk 01:32:18]} {[%emt 00:00:32]} 8. Nf4 {[%clk
01:16:41]} {[%emt 00:12:29]} e5 {[%clk 01:29:57]} {[%emt 00:02:51]} 9. Nxg6
{[%clk 01:12:36]} {[%emt 00:04:35]} hxg6 {[%clk 01:30:16]} {[%emt 00:00:11]}
10. Bc4 {[%clk 01:12:16]} {[%emt 00:00:51]} Nb6 {[%clk 01:30:02]} {[%emt
00:00:44]} 11. Bb3 {[%clk 01:11:43]} {[%emt 00:01:04]} exd4 {[%clk 01:30:26]}
{[%emt 00:00:06]} 12. O-O {[%clk 01:12:03]} {[%emt 00:00:09]} Be7 {[%clk
01:30:06]} {[%emt 00:00:49]} 13. cxd4 {[%clk 01:10:16]} {[%emt 00:02:17]} O-O
{[%clk 01:29:40]} {[%emt 00:00:56]} 14. Re1 {[%clk 01:02:09]} {[%emt 00:08:37]}
Qc7 {[%clk 01:26:45]} {[%emt 00:03:25]} 15. Qf3 {[%clk 00:53:24]} {[%emt
00:09:16]} Nbd5 {[%clk 01:22:54]} {[%emt 00:04:21]} 16. Ne4 {[%clk 00:48:32]}
{[%emt 00:05:22]} Rad8 {[%clk 01:16:15]} {[%emt 00:07:09]} 17. Bd2 {[%clk
00:44:17]} {[%emt 00:04:45]} Qb6 {[%clk 01:00:04]} {[%emt 00:16:40]} 18. Rad1
{[%clk 00:38:32]} {[%emt 00:06:15]} Nxe4 {[%clk 00:57:51]} {[%emt 00:02:43]}
19. Rxe4 {[%clk 00:38:10]} {[%emt 00:00:52]} Bf6 {[%clk 00:57:54]} {[%emt
00:00:26]} 20. Bc1 {[%clk 00:27:54]} {[%emt 00:10:45]} a5 {[%clk 00:52:52]}
{[%emt 00:05:32]} 21. h4 {[%clk 00:24:01]} {[%emt 00:04:24]} Rfe8 {[%clk
00:43:58]} {[%emt 00:09:23]} 22. g3 {[%clk 00:16:55]} {[%emt 00:07:37]} Rxe4
{[%clk 00:43:18]} {[%emt 00:01:10]} 23. Qxe4 {[%clk 00:17:23]} {[%emt
00:00:01]} Ne7 {[%clk 00:43:00]} {[%emt 00:00:47]} 24. Bg5 {[%clk 00:11:29]}
{[%emt 00:06:25]} Bxg5 {[%clk 00:40:54]} {[%emt 00:02:36]} 25. hxg5 {[%clk
00:11:23]} {[%emt 00:00:37]} Nf5 {[%clk 00:41:12]} {[%emt 00:00:12]} 26. Kg2
{[%clk 00:07:00]} {[%emt 00:04:53]} Nxd4 {[%clk 00:32:12]} {[%emt 00:09:30]}
27. Qe7 {[%clk 00:05:12]} {[%emt 00:02:19]} Rf8 {[%clk 00:32:36]} {[%emt
00:00:05]} 28. Bc4 {[%clk 00:05:33]} {[%emt 00:00:09]} c5 {[%clk 00:32:45]}
{[%emt 00:00:21]} 29. Bd5 {[%clk 00:03:48]} {[%emt 00:02:15]} Ne6 {[%clk
00:26:09]} {[%emt 00:07:06]} 30. Re1 {[%clk 00:02:34]} {[%emt 00:01:44]} Nc7
{[%clk 00:19:03]} {[%emt 00:07:36]} 31. Be4 {[%clk 00:02:17]} {[%emt 00:00:48]}
c4 {[%clk 00:16:37]} {[%emt 00:02:56]} 32. Qd7 {[%emt 00:01:30]} Qc5 {[%clk
00:11:50]} {[%emt 00:05:15]} 33. Bxb7 {[%emt 00:00:59]} Ne6 {[%clk 00:12:05]}
{[%emt 00:00:13]} 34. Rxe6 {[%clk 00:00:47]} {[%emt 00:00:35]} fxe6 {[%clk
00:11:48]} {[%emt 00:00:47]} 35. Qxe6+ {[%clk 00:01:16]} {[%emt 00:00:01]} Kh7
{[%clk 00:08:26]} {[%emt 00:03:51]} 36. Qh3+ {[%clk 00:01:44]} {[%emt
00:00:02]} Kg8 {[%clk 00:08:49]} {[%emt 00:00:07]} 37. Qe6+ {[%clk 00:02:13]}
{[%emt 00:00:01]} Kh7 {[%clk 00:08:11]} {[%emt 00:01:08]} 38. f4 {[%clk
00:01:03]} {[%emt 00:01:40]} Qf5 {[%clk 00:07:17]} {[%emt 00:01:23]} 39. Qe2
{[%clk 00:00:37]} {[%emt 00:00:57]} Qd3 {[%clk 00:05:57]} {[%emt 00:01:51]} 40.
Qe6 {[%clk 00:00:33]} {[%emt 00:00:34]} Qc2+ {[%clk 00:05:47]} {[%emt
00:00:40]} 41. Kf3 {[%clk 00:23:55]} {[%emt 00:07:08]} Qd1+ {[%clk 00:33:39]}
{[%emt 00:02:38]} 42. Kg2 {[%clk 00:16:22]} {[%emt 00:08:03]} Rd8 {[%clk
00:33:46]} {[%emt 00:00:22]} 43. Qh3+ {[%clk 00:15:34]} {[%emt 00:01:18]} Qh5
{[%clk 00:33:58]} {[%emt 00:00:18]} 44. Qxh5+ {[%clk 00:14:55]} {[%emt
00:01:09]} gxh5 {[%clk 00:34:20]} {[%emt 00:00:07]} 45. Ba6 {[%clk 00:14:38]}
{[%emt 00:00:48]} c3 {[%clk 00:33:23]} {[%emt 00:01:27]} 46. bxc3 {[%clk
00:15:03]} {[%emt 00:00:05]} Rd2+ {[%clk 00:33:50]} {[%emt 00:00:03]} 47. Kf3
{[%clk 00:15:22]} {[%emt 00:00:11]} Rxa2 {[%clk 00:34:18]} {[%emt 00:00:02]}
48. Bd3+ {[%clk 00:11:26]} {[%emt 00:04:26]} g6 {[%clk 00:34:25]} {[%emt
00:00:22]} 49. c4 {[%emt 00:00:51]} a4 {[%clk 00:33:45]} {[%emt 00:00:39]} 50.
c5 {[%clk 00:11:15]} {[%emt 00:00:53]} a3 {[%clk 00:33:15]} {[%emt 00:00:59]}
51. Ke3 {[%clk 00:02:16]} {[%emt 00:09:30]} Ra1 {[%clk 00:32:51]} {[%emt
00:00:53]} 52. Kd2 {[%clk 00:02:39]} {[%emt 00:00:07]} a2 {[%clk 00:32:10]}
{[%emt 00:01:11]} 53. c6 {[%clk 00:02:55]} {[%emt 00:00:14]} Rc1 {[%clk
00:32:19]} {[%emt 00:00:21]} 54. Kxc1 {[%clk 00:03:13]} {[%emt 00:00:12]} a1=Q+
{[%clk 00:32:47]} {[%emt 00:00:02]} 55. Kd2 {[%clk 00:03:26]} {[%emt 00:00:17]}
Qa5+ {[%clk 00:33:13]} {[%emt 00:00:03]} 56. Ke2 {[%clk 00:02:48]} {[%emt
00:01:09]} Qd5 {[%clk 00:33:03]} {[%emt 00:00:38]} 57. c7 {[%clk 00:01:53]}
{[%emt 00:01:26]} Qd7 {[%clk 00:33:32]} {[%emt 00:00:01]} 58. Be4 {[%clk
00:01:16]} {[%emt 00:01:07]} Qxc7 {[%clk 00:33:55]} {[%emt 00:00:06]} 59. Kf3
{[%clk 00:01:17]} {[%emt 00:00:30]} Qc3+ {[%clk 00:34:18]} {[%emt 00:00:07]}
0-1

[Event "Deutsche Ländermeisterschaft 2025"]
[Site "Oer-Erkenschwick GER"]
[Date "2025.10.04"]
[Round "6"]
[White "Müller, Maximilian"]
[Black "Tietz, Bennit"]
[Result "1-0"]
[Termination "normal"]
[Board "9.2"]
[WhiteElo "2059"]
[BlackElo "2036"]
[WhiteClock "00:19:59"]
[BlackClock "00:00:32"]
[WhiteTeam "Saarland & Friends"]
[BlackTeam "Hamburg 2"]
[PlyCount "119"]
[WhiteFideId "16243552"]
[BlackFideId "16286936"]
[EventCountry "GER"]
[EventRounds "7"]
[EventType "team-swiss"]
[EventDate "2025.09.30"]

1. e4 {[%clk 01:30:57]} {[%emt 00:00:02]} c5 {[%clk 01:30:50]} {[%emt
00:00:10]} 2. Nf3 {[%clk 01:31:23]} {[%emt 00:00:04]} a6 {[%clk 01:31:04]}
{[%emt 00:00:16]} 3. c4 {[%clk 01:31:49]} {[%emt 00:00:04]} Nc6 {[%clk
01:31:29]} {[%emt 00:00:06]} 4. d4 {[%clk 01:32:13]} {[%emt 00:00:05]} cxd4
{[%clk 01:31:55]} {[%emt 00:00:04]} 5. Nxd4 {[%clk 01:32:38]} {[%emt 00:00:05]}
Nf6 {[%clk 01:32:20]} {[%emt 00:00:06]} 6. Nc3 {[%clk 01:32:53]} {[%emt
00:00:15]} e5 {[%clk 01:32:38]} {[%emt 00:00:13]} 7. Nf5 {[%clk 01:31:26]}
{[%emt 00:01:55]} d5 {[%clk 01:33:00]} {[%emt 00:00:09]} 8. Ng3 {[%clk
01:19:58]} {[%emt 00:11:58]} d4 {[%clk 01:22:37]} {[%emt 00:10:53]} 9. Nd5
{[%clk 01:20:23]} {[%emt 00:00:05]} Bb4+ {[%clk 01:16:53]} {[%emt 00:06:14]}
10. Nxb4 {[%clk 01:08:49]} {[%emt 00:12:04]} Nxb4 {[%clk 01:17:10]} {[%emt
00:00:13]} 11. a3 {[%clk 01:09:12]} {[%emt 00:00:07]} Nc6 {[%clk 01:17:15]}
{[%emt 00:00:25]} 12. Bd3 {[%clk 01:09:38]} {[%emt 00:00:05]} a5 {[%clk
01:02:25]} {[%emt 00:15:20]} 13. O-O {[%clk 01:08:55]} {[%emt 00:01:12]} O-O
{[%clk 00:56:53]} {[%emt 00:06:02]} 14. Bg5 {[%clk 01:08:05]} {[%emt 00:01:20]}
h6 {[%clk 00:55:46]} {[%emt 00:01:38]} 15. Bd2 {[%clk 01:08:33]} {[%emt
00:00:02]} b6 {[%clk 00:36:26]} {[%emt 00:19:49]} 16. b4 {[%clk 01:05:15]}
{[%emt 00:03:48]} Be6 {[%clk 00:28:04]} {[%emt 00:08:51]} 17. Qc2 {[%clk
01:02:59]} {[%emt 00:02:46]} Qe7 {[%clk 00:25:26]} {[%emt 00:03:08]} 18. Rab1
{[%clk 00:57:56]} {[%emt 00:05:33]} Rfc8 {[%clk 00:22:07]} {[%emt 00:03:49]}
19. Rfc1 {[%clk 00:55:45]} {[%emt 00:02:41]} Ra7 {[%clk 00:11:24]} {[%emt
00:11:13]} 20. Rb2 {[%clk 00:38:08]} {[%emt 00:18:07]} axb4 {[%clk 00:08:21]}
{[%emt 00:03:33]} 21. axb4 {[%clk 00:38:35]} {[%emt 00:00:03]} Nd8 {[%clk
00:06:14]} {[%emt 00:02:37]} 22. c5 {[%clk 00:30:08]} {[%emt 00:08:56]} Rac7
{[%clk 00:04:39]} {[%emt 00:02:05]} 23. Ba6 {[%clk 00:26:47]} {[%emt 00:03:51]}
Ra8 {[%clk 00:05:07]} {[%emt 00:00:01]} 24. Bb5 {[%clk 00:24:11]} {[%emt
00:03:07]} Nb7 {[%clk 00:02:05]} {[%emt 00:03:32]} 25. c6 {[%clk 00:23:55]}
{[%emt 00:00:46]} Nd6 {[%clk 00:02:33]} {[%emt 00:00:01]} 26. Qd3 {[%clk
00:22:28]} {[%emt 00:01:57]} Qe8 {[%clk 00:01:34]} {[%emt 00:01:30]} 27. f4
{[%clk 00:21:36]} {[%emt 00:01:22]} Ng4 {[%clk 00:00:41]} {[%emt 00:01:22]} 28.
h3 {[%clk 00:17:43]} {[%emt 00:04:23]} Nxb5 {[%clk 00:00:40]} {[%emt 00:00:31]}
29. Qxb5 {[%clk 00:18:08]} {[%emt 00:00:05]} Ne3 {[%clk 00:00:51]} {[%emt
00:00:19]} 30. Bxe3 {[%clk 00:14:58]} {[%emt 00:03:39]} dxe3 {[%clk 00:01:20]}
{[%emt 00:00:01]} 31. Qxb6 {[%clk 00:15:12]} {[%emt 00:00:16]} Rac8 {[%clk
00:01:26]} {[%emt 00:00:24]} 32. b5 {[%clk 00:14:25]} {[%emt 00:01:17]} exf4
{[%clk 00:01:47]} {[%emt 00:00:08]} 33. Ne2 {[%clk 00:14:42]} {[%emt 00:00:13]}
g5 {[%clk 00:00:47]} {[%emt 00:01:31]} 34. Qc5 {[%clk 00:13:47]} {[%emt
00:01:25]} Bxh3 {[%clk 00:00:35]} {[%emt 00:00:41]} 35. e5 {[%clk 00:11:44]}
{[%emt 00:02:33]} Bxg2 {[%clk 00:00:35]} {[%emt 00:00:30]} 36. Kxg2 {[%clk
00:08:27]} {[%emt 00:03:46]} Qe6 {[%clk 00:01:04]} 37. Nd4 {[%clk 00:08:27]}
{[%emt 00:00:30]} Qg4+ {[%clk 00:00:56]} {[%emt 00:00:38]} 38. Kh1 {[%clk
00:08:34]} {[%emt 00:00:23]} f3 {[%clk 00:00:42]} {[%emt 00:00:45]} 39. Rh2
{[%clk 00:07:34]} {[%emt 00:01:29]} f2 {[%clk 00:00:39]} {[%emt 00:00:33]} 40.
Qd5 {[%clk 00:07:44]} {[%emt 00:00:21]} e2 {[%clk 00:00:35]} {[%emt 00:00:35]}
41. Rxf2 {[%clk 00:06:57]} {[%emt 00:01:16]} Qh3+ {[%clk 00:17:11]} {[%emt
00:13:53]} 42. Kg1 {[%clk 00:37:21]} {[%emt 00:00:06]} Qg3+ {[%clk 00:16:45]}
{[%emt 00:00:57]} 43. Qg2 {[%clk 00:37:43]} {[%emt 00:00:07]} Qxe5 {[%clk
00:16:28]} {[%emt 00:00:48]} 44. Nxe2 {[%clk 00:29:31]} {[%emt 00:08:42]} Qxb5
{[%clk 00:16:45]} {[%emt 00:00:13]} 45. Nd4 {[%clk 00:29:32]} {[%emt 00:00:29]}
Qe5 {[%clk 00:16:29]} {[%emt 00:00:46]} 46. Qg4 {[%clk 00:29:36]} {[%emt
00:00:27]} Rd8 {[%clk 00:14:36]} {[%emt 00:02:23]} 47. Nf5 {[%clk 00:27:27]}
{[%emt 00:02:39]} Qe6 {[%clk 00:07:44]} {[%emt 00:07:23]} 48. Re2 {[%clk
00:18:40]} {[%emt 00:09:17]} Qf6 {[%clk 00:06:07]} {[%emt 00:02:06]} 49. Qe4
{[%clk 00:19:07]} {[%emt 00:00:02]} Ra8 {[%clk 00:04:53]} {[%emt 00:01:46]} 50.
Qe5 {[%clk 00:18:11]} {[%emt 00:01:26]} Qxe5 {[%clk 00:03:52]} {[%emt
00:01:31]} 51. Rxe5 {[%clk 00:18:31]} {[%emt 00:00:10]} Ra6 {[%clk 00:03:30]}
{[%emt 00:00:53]} 52. Nd4 {[%clk 00:18:30]} {[%emt 00:00:30]} Kg7 {[%clk
00:02:59]} {[%emt 00:01:00]} 53. Rec5 {[%clk 00:18:46]} {[%emt 00:00:13]} Kf6
{[%clk 00:02:40]} {[%emt 00:00:50]} 54. Nb5 {[%clk 00:19:02]} {[%emt 00:00:14]}
Rc8 {[%clk 00:02:35]} {[%emt 00:00:34]} 55. c7 {[%clk 00:18:25]} {[%emt
00:01:08]} Ke7 {[%clk 00:01:36]} {[%emt 00:01:29]} 56. Rc6 {[%clk 00:18:46]}
{[%emt 00:00:09]} Rxc6 {[%clk 00:01:10]} {[%emt 00:00:57]} 57. Rxc6 {[%clk
00:19:11]} {[%emt 00:00:05]} h5 {[%clk 00:01:16]} {[%emt 00:00:24]} 58. Rc5
{[%clk 00:19:19]} {[%emt 00:00:22]} f6 {[%clk 00:00:58]} {[%emt 00:00:48]} 59.
Na7 {[%clk 00:19:36]} {[%emt 00:00:13]} Kd6 {[%clk 00:00:32]} {[%emt 00:00:56]}
60. Nxc8+ {[%clk 00:19:59]} {[%emt 00:00:06]} 1-0

[Event "Deutsche Ländermeisterschaft 2025"]
[Site "Oer-Erkenschwick GER"]
[Date "2025.10.04"]
[Round "6"]
[White "Derhay, Davyd"]
[Black "Tabales, Lennart"]
[Result "1-0"]
[Termination "normal"]
[Board "9.3"]
[WhiteElo "1756"]
[BlackElo "1873"]
[WhiteClock "00:21:49"]
[BlackClock "00:00:54"]
[WhiteTeam "Hamburg 2"]
[BlackTeam "Saarland & Friends"]
[PlyCount "81"]
[WhiteFideId "34130624"]
[BlackFideId "34604057"]
[EventCountry "GER"]
[EventRounds "7"]
[EventType "team-swiss"]
[EventDate "2025.09.30"]

1. e4 {[%clk 01:30:58]} {[%emt 00:00:01]} c5 {[%clk 01:30:53]} {[%emt
00:00:08]} 2. c4 {[%clk 01:28:53]} {[%emt 00:02:36]} e5 {[%clk 01:30:09]}
{[%emt 00:01:14]} 3. g3 {[%clk 01:29:10]} {[%emt 00:00:13]} g6 {[%clk
01:30:04]} {[%emt 00:00:34]} 4. Bg2 {[%clk 01:29:35]} {[%emt 00:00:05]} Bg7
{[%clk 01:30:31]} {[%emt 00:00:03]} 5. Nc3 {[%clk 01:29:39]} {[%emt 00:00:26]}
Ne7 {[%clk 01:29:45]} {[%emt 00:01:15]} 6. Nge2 {[%clk 01:28:23]} {[%emt
00:01:46]} Nbc6 {[%clk 01:28:52]} {[%emt 00:01:23]} 7. O-O {[%clk 01:28:32]}
{[%emt 00:00:21]} O-O {[%clk 01:28:49]} {[%emt 00:00:33]} 8. a3 {[%clk
01:28:41]} {[%emt 00:00:20]} d6 {[%clk 01:26:50]} {[%emt 00:02:29]} 9. d3
{[%clk 01:29:01]} {[%emt 00:00:10]} f5 {[%clk 01:24:42]} {[%emt 00:02:38]} 10.
Bg5 {[%clk 01:28:30]} {[%emt 00:01:02]} h6 {[%clk 01:23:21]} {[%emt 00:01:52]}
11. Bxe7 {[%clk 01:28:40]} {[%emt 00:00:19]} Nxe7 {[%clk 01:23:12]} {[%emt
00:00:38]} 12. f4 {[%clk 01:28:25]} {[%emt 00:00:45]} Nc6 {[%clk 01:21:18]}
{[%emt 00:02:24]} 13. Nd5 {[%clk 01:26:49]} {[%emt 00:02:06]} exf4 {[%clk
01:16:29]} {[%emt 00:05:19]} 14. Ndxf4 {[%clk 01:26:19]} {[%emt 00:01:00]} Kh7
{[%clk 01:10:02]} {[%emt 00:06:57]} 15. Rb1 {[%clk 01:25:15]} {[%emt 00:01:34]}
a5 {[%clk 01:04:18]} {[%emt 00:06:15]} 16. Nd5 {[%clk 01:22:20]} {[%emt
00:03:25]} Be6 {[%clk 00:57:02]} {[%emt 00:07:45]} 17. Nef4 {[%clk 01:18:32]}
{[%emt 00:04:18]} Nd4 {[%clk 00:52:33]} {[%emt 00:05:00]} 18. Nxe6 {[%clk
01:16:55]} {[%emt 00:02:07]} Nxe6 {[%clk 00:52:32]} {[%emt 00:00:31]} 19. exf5
{[%clk 01:17:18]} {[%emt 00:00:06]} gxf5 {[%clk 00:51:58]} {[%emt 00:01:04]}
20. b4 {[%clk 01:16:12]} {[%emt 00:01:35]} axb4 {[%clk 00:48:17]} {[%emt
00:04:11]} 21. axb4 {[%clk 01:16:14]} {[%emt 00:00:28]} Qg5 {[%clk 00:37:24]}
{[%emt 00:11:23]} 22. bxc5 {[%clk 01:11:43]} {[%emt 00:05:01]} Bd4+ {[%clk
00:37:46]} {[%emt 00:00:09]} 23. Kh1 {[%clk 01:12:08]} {[%emt 00:00:05]} Nxc5
{[%clk 00:38:01]} {[%emt 00:00:14]} 24. Nf4 {[%clk 01:09:05]} {[%emt 00:03:33]}
Ra2 {[%clk 00:27:22]} {[%emt 00:11:09]} 25. Bxb7 {[%clk 01:01:05]} {[%emt
00:08:30]} Rg8 {[%clk 00:19:19]} {[%emt 00:08:33]} 26. Qf3 {[%clk 00:58:00]}
{[%emt 00:03:34]} Be5 {[%clk 00:15:30]} {[%emt 00:04:19]} 27. Bd5 {[%clk
00:55:11]} {[%emt 00:03:19]} Rf8 {[%clk 00:13:28]} {[%emt 00:02:33]} 28. Rbd1
{[%clk 00:54:43]} {[%emt 00:00:58]} Bd4 {[%clk 00:13:19]} {[%emt 00:00:40]} 29.
Ne2 {[%clk 00:49:50]} {[%emt 00:05:22]} Bg7 {[%clk 00:13:07]} {[%emt 00:00:41]}
30. d4 {[%clk 00:49:09]} {[%emt 00:01:11]} Nb3 {[%clk 00:11:40]} {[%emt
00:01:57]} 31. Qd3 {[%clk 00:44:51]} {[%emt 00:04:48]} Kh8 {[%clk 00:06:16]}
{[%emt 00:05:55]} 32. Rf4 {[%clk 00:39:47]} {[%emt 00:05:33]} Re8 {[%clk
00:03:11]} {[%emt 00:03:31]} 33. Bf3 {[%clk 00:39:10]} {[%emt 00:01:11]} Na5
{[%clk 00:01:13]} {[%emt 00:02:28]} 34. c5 {[%clk 00:33:43]} {[%emt 00:05:57]}
Qe7 {[%clk 00:00:41]} {[%emt 00:01:03]} 35. cxd6 {[%clk 00:31:03]} {[%emt
00:03:10]} Qxd6 {[%clk 00:01:06]} {[%emt 00:00:05]} 36. Nc1 {[%clk 00:27:03]}
{[%emt 00:04:29]} Rb2 {[%clk 00:00:43]} {[%emt 00:00:53]} 37. Qxf5 {[%clk
00:22:42]} {[%emt 00:04:51]} Qb4 {[%clk 00:00:47]} {[%emt 00:00:26]} 38. Be4
{[%clk 00:22:16]} {[%emt 00:00:57]} Rxe4 {[%clk 00:00:42]} {[%emt 00:00:35]}
39. Rxe4 {[%clk 00:22:22]} {[%emt 00:00:24]} Qa4 {[%clk 00:01:02]} {[%emt
00:00:10]} 40. Rde1 {[%clk 00:22:13]} {[%emt 00:00:39]} Rb8 {[%clk 00:00:54]}
{[%emt 00:00:38]} 41. Qg6 {[%clk 00:21:49]} {[%emt 00:00:54]} 1-0

[Event "Deutsche Ländermeisterschaft 2025"]
[Site "Oer-Erkenschwick GER"]
[Date "2025.10.04"]
[Round "6"]
[White "Prashanthakumar, Arju"]
[Black "Böhler, Yannic"]
[Result "1/2-1/2"]
[Termination "normal"]
[Board "9.4"]
[WhiteElo "1817"]
[BlackElo "1848"]
[WhiteClock "00:33:58"]
[BlackClock "00:02:51"]
[WhiteTeam "Saarland & Friends"]
[BlackTeam "Hamburg 2"]
[PlyCount "73"]
[WhiteFideId "34604065"]
[BlackFideId "34609059"]
[EventCountry "GER"]
[EventRounds "7"]
[EventType "team-swiss"]
[EventDate "2025.09.30"]

1. e4 {[%clk 01:30:57]} {[%emt 00:00:02]} c5 {[%clk 01:30:59]} {[%emt
00:00:02]} 2. Nf3 {[%clk 01:31:04]} {[%emt 00:00:22]} d6 {[%clk 01:31:27]}
{[%emt 00:00:03]} 3. d4 {[%clk 01:30:57]} {[%emt 00:00:37]} cxd4 {[%clk
01:31:55]} {[%emt 00:00:03]} 4. Nxd4 {[%clk 01:31:13]} {[%emt 00:00:14]} Nf6
{[%clk 01:32:22]} {[%emt 00:00:02]} 5. Nc3 {[%clk 01:31:26]} {[%emt 00:00:17]}
a6 {[%clk 01:32:51]} {[%emt 00:00:02]} 6. Rg1 {[%clk 01:29:43]} {[%emt
00:02:12]} e5 {[%clk 01:30:04]} {[%emt 00:03:17]} 7. Nb3 {[%clk 01:30:00]}
{[%emt 00:00:12]} h5 {[%clk 01:22:43]} {[%emt 00:07:51]} 8. h3 {[%clk
01:27:28]} {[%emt 00:03:02]} Be6 {[%clk 01:22:38]} {[%emt 00:00:35]} 9. g4
{[%clk 01:25:49]} {[%emt 00:02:09]} hxg4 {[%clk 01:17:39]} {[%emt 00:05:30]}
10. hxg4 {[%clk 01:26:07]} {[%emt 00:00:12]} d5 {[%clk 01:18:07]} {[%emt
00:00:02]} 11. exd5 {[%clk 01:26:07]} {[%emt 00:00:30]} Nxd5 {[%clk 01:18:25]}
{[%emt 00:00:11]} 12. Nxd5 {[%clk 01:26:15]} {[%emt 00:00:22]} Qxd5 {[%clk
01:16:34]} {[%emt 00:02:21]} 13. Qxd5 {[%clk 01:26:35]} {[%emt 00:00:11]} Bxd5
{[%clk 01:17:02]} {[%emt 00:00:02]} 14. Be3 {[%clk 01:25:49]} {[%emt 00:01:14]}
Nd7 {[%clk 01:08:07]} {[%emt 00:09:26]} 15. O-O-O {[%clk 01:24:40]} {[%emt
00:01:38]} Bxb3 {[%clk 00:57:52]} {[%emt 00:10:47]} 16. axb3 {[%clk 01:24:53]}
{[%emt 00:00:17]} Bc5 {[%clk 00:58:06]} {[%emt 00:00:14]} 17. Bxc5 {[%clk
01:22:34]} {[%emt 00:02:50]} Nxc5 {[%clk 00:57:49]} {[%emt 00:00:47]} 18. Bg2
{[%clk 01:22:30]} {[%emt 00:00:33]} Rb8 {[%clk 00:50:09]} {[%emt 00:08:11]} 19.
Rd5 {[%clk 01:17:47]} {[%emt 00:05:12]} Nd7 {[%clk 00:49:32]} {[%emt 00:01:08]}
20. Rgd1 {[%clk 01:17:04]} {[%emt 00:01:12]} Rh2 {[%clk 00:46:26]} {[%emt
00:03:37]} 21. Be4 {[%clk 01:15:14]} {[%emt 00:02:19]} Nf6 {[%clk 00:45:36]}
{[%emt 00:01:21]} 22. Rxe5+ {[%clk 01:15:22]} {[%emt 00:00:22]} Kf8 {[%clk
00:46:04]} {[%emt 00:00:02]} 23. f3 {[%clk 01:14:35]} {[%emt 00:01:17]} Nxe4
{[%clk 00:43:41]} {[%emt 00:02:53]} 24. Rxe4 {[%clk 01:14:40]} {[%emt
00:00:24]} Rf2 {[%clk 00:41:06]} {[%emt 00:03:06]} 25. f4 {[%clk 01:05:37]}
{[%emt 00:09:34]} Re8 {[%clk 00:30:48]} {[%emt 00:10:47]} 26. Rdd4 {[%clk
01:02:39]} {[%emt 00:03:29]} Re2 {[%clk 00:17:02]} {[%emt 00:14:15]} 27. Rxe8+
{[%clk 01:01:00]} {[%emt 00:02:09]} Kxe8 {[%clk 00:17:09]} {[%emt 00:00:24]}
28. c4 {[%clk 00:59:22]} {[%emt 00:02:08]} Rf2 {[%clk 00:13:41]} {[%emt
00:03:57]} 29. b4 {[%clk 00:57:08]} {[%emt 00:02:45]} Ke7 {[%clk 00:11:48]}
{[%emt 00:02:23]} 30. c5 {[%clk 00:56:23]} {[%emt 00:01:15]} Ke6 {[%clk
00:08:37]} {[%emt 00:03:40]} 31. f5+ {[%clk 00:54:11]} {[%emt 00:02:44]} Ke7
{[%clk 00:04:58]} {[%emt 00:04:08]} 32. b5 {[%clk 00:45:33]} {[%emt 00:09:09]}
axb5 {[%clk 00:04:43]} {[%emt 00:00:45]} 33. Kb1 {[%clk 00:39:45]} {[%emt
00:06:17]} Rg2 {[%clk 00:03:15]} {[%emt 00:01:58]} 34. Ka2 {[%clk 00:37:30]}
{[%emt 00:02:45]} Rc2 {[%clk 00:01:55]} {[%emt 00:01:50]} 35. Rd5 {[%clk
00:34:19]} {[%emt 00:03:40]} Rg2 {[%clk 00:02:23]} {[%emt 00:00:02]} 36. Rd4
{[%clk 00:33:39]} {[%emt 00:01:10]} Rc2 {[%clk 00:02:51]} {[%emt 00:00:02]} 37.
Rd5 {[%clk 00:33:58]} {[%emt 00:00:11]} 1/2-1/2